Banques et Assurances - Mort Subite - Statistiques

Statistiques générales
  • Ce quiz a été pris 152 fois
  • Le résultat moyen est 15 sur 30
Answers on the Grid
Answers color-coded by a green-red scale on the quiz's grid according to % correct below.
BNP Paribas
LCL
CIC
Caisse d'Épargne
Crédit Agricole
Crédit Mutuel
Arkéa
La Poste
Monabanq
Qonto
Société Générale
Allianz
AXA
Marze
Cetelem
Fortuneo
GMF
Cofidis
Matmut
MACIF
MAAF
Hello Bank
HSBC
SwissLife
MMA
Generali
CASH
AVIVA
Boursorama
JPMorgan
PayPal
Visa
Mastercard
Banco
Money Drop
Bitcoin
Euromaster
Assu4000
Charlotte Banks
Hise
Gold Bank
Ardèche Habitat
Eurodatacar
NASCAR
LVMH
RFK
RANDSTAD
Adecco
 
Statistiques - réponses
Réponse % Correct
BNP Paribas
75%
Société Générale
72%
Caisse d'Épargne
70%
Crédit Mutuel
70%
Allianz
69%
CIC
69%
AXA
68%
Boursorama
67%
Crédit Agricole
67%
LCL
66%
MAAF
65%
MACIF
65%
Hello Bank
64%
Matmut
58%
MMA
57%
La Poste
55%
GMF
54%
Fortuneo
53%
SwissLife
48%
Cofidis
47%
HSBC
47%
Monabanq
47%
Cetelem
43%
Generali
42%
JPMorgan
31%
Arkéa
29%
AVIVA
25%
Qonto
13%
CASH
1%
Marze
0%
Aucun quiz correspondant
Distribution des résultats
% des personnes avec chaque résultat
Percentile par nombre de réponses
Votre historique - résultats
Vous n’avez pas pris ce quiz